| 000 | 01040nam a2200349 4500 | ||
|---|---|---|---|
| 001 | 002224689 | ||
| 003 | DO-SdBNP | ||
| 005 | 20180226140256.0 | ||
| 007 | 002224689 | ||
| 008 | 950213r1992 sp | |||| ||spa | ||
| 016 | 7 |
_a _2BPMSU |
|
| 017 |
_a _b |
||
| 020 | _a8434823845 | ||
| 035 | _a | ||
| 040 |
_aBPMSU _bspa _cBPMSU _e |
||
| 041 | 1 |
_aspa _h |
|
| 080 | 0 | _a | |
| 100 | 1 |
_aWölfel, Ursula, _d1922-2014. |
|
| 240 | 1 | 4 |
_aDas blaue Wagilö _lEspañol |
| 245 | 1 | 3 |
_aEl jajilé azul / _cÚrsula Wölfel ; ilustraciones de Antonio Lancho ; traducción Carmen Bas. _h |
| 250 | _a5ª ed. | ||
| 260 |
_aMadrid : _bSM, _c1992. |
||
| 300 |
_a61 p. : _bil. ; _c19 cm. |
||
| 490 | 1 |
_aEl barco de vapor. _v20 |
|
| 586 | _aPremio de literatura infantil de la generalitat de Cataluña, 1958 | ||
| 700 | 1 | 2 |
_aLancho, Antonio, _eil. |
| 700 | 1 | 2 |
_aBas Álvarez, Carmen, _etr. |
| 830 | 0 |
_aEl barco de vapor. Serie blanca _v20 _p |
|
| 942 |
_2ddc _cBK |
||
| 945 | _aInventariado, 2018 /LP | ||
| 956 |
_aVMATEO _b10 _c20151209 _hBPMSU |
||
| 999 |
_c9063 _d9063 |
||